[Event "MTO Open"]
[Site "Biel SUI"]
[Date "2005.07.27"]
[Round "9"]
[White "Roiz,M"]
[Black "Cebalo,M"]
[Result "1-0"]
[WhiteElo "2593"]
[BlackElo "2511"]

1.d4 g6 2.e4 d6 3.Nc3 Bg7 4.Be3 a6 5.Qd2 b5 6.f3 Nd7 7.h4 h6 8.O-O-O e6 9.Nge2 Ne7
10.d5 e5 11.h5 f5 12.hxg6 f4 13.Bf2 Nxg6 14.g3 Nb6 15.gxf4 Nc4 16.Qe1 exf4
17.Nd4 O-O 18.Bxc4 bxc4 19.Nc6 Qe8 20.Bd4 Bd7 21.Bxg7 Kxg7 22.Na5 Rf6 23.Nxc4 Bb5
24.Nd2 Kh7 25.Nb3 Bd7 26.Ne2 Qf7 27.Nbd4 Rg8 28.Qf2 Ne5 29.Qh4 Rgg6 30.Rh2 c5
31.dxc6 Qxa2 32.Nc3 Qa1+ 33.Kd2 Qxb2 34.cxd7 Nc4+ 35.Kd3 Ne5+ 36.Kd2 Nc4+
37.Ke2 Qxc3 38.Rd3 Qa5 39.Nc6 Qa4 40.Rc3 Qa1 41.Qe1  1-0

[Event "Open A"]
[Site "Pardubice CZE"]
[Date "2005.07.27"]
[Round "6"]
[White "Czarnota,D"]
[Black "Skalski,M"]
[Result "0-1"]
[WhiteElo "2238"]
[BlackElo "2334"]

1.e4 g6 2.d4 Bg7 3.Nc3 d6 4.Be3 c6 5.Bc4 b5 6.Bb3 Nd7 7.Qf3 e6 8.Nh3 Bb7
9.O-O-O b4 10.Na4 d5 11.e5 a5 12.Ng5 Qe7 13.h4 h6 14.Nh3 Qd8 15.Qg3 Ne7 16.Nf4 Nf5
17.Nxe6 fxe6 18.Qxg6+ Ke7 19.g4 Nf8 20.Qh5 Nxe3 21.fxe3 Qe8 22.Qxe8+ Rxe8
23.Nc5 Bc8 24.Ba4 Bd7 25.Rdf1 Rg8 26.Rh2 Ng6 27.Rhf2 Rgf8 28.h5 Rxf2 29.Rxf2 Nh8
30.Nb7 Nf7 31.Rxf7+ Kxf7 32.Nd6+ Ke7 33.Nxe8 Kxe8 34.c3 Bf8 35.Kd2 Be7 36.Ke2 Kd8
37.Kd2 Kc7 38.Ke2 Bc8 39.Kd2 Ba6 40.Bd1 Bf1 41.Bf3 Bg5 42.Bd1 Kb6 43.cxb4 axb4
44.b3 c5 45.dxc5+ Kxc5 46.Bc2 Bh3 47.Bd1 d4  0-1

[Event "Open A"]
[Site "Pardubice CZE"]
[Date "2005.07.27"]
[Round "6"]
[White "Nadig,K"]
[Black "Lorscheid,G"]
[Result "1-0"]
[WhiteElo "2198"]
[BlackElo "2285"]

1.e4 d6 2.d4 g6 3.Nc3 Bg7 4.Be3 a6 5.Qd2 b5 6.f3 Nd7 7.a4 b4 8.Nd1 a5 9.c3 bxc3
10.Nxc3 c6 11.Bd3 Ba6 12.Bxa6 Rxa6 13.Nge2 Ngf6 14.g4 Qb8 15.Ng3 h6 16.h4 e6
17.Kf2 Rb6 18.Rab1 Rb4 19.Na2 Rb7 20.b4 Ke7 21.Rhc1 Rc8 22.Qe1 e5 23.Kg2 Ne8
24.dxe5 Nxe5 25.Qd2 Nf6 26.g5 hxg5 27.hxg5 Ne8 28.f4 Nd7 29.f5 Be5 30.fxg6 fxg6
31.Ne2 axb4 32.Nxb4 c5 33.Nd5+ Kd8 34.Rxb7 Qxb7 35.Bf4 Nc7 36.Bxe5 Nxe5 37.Nef4 Nxd5
38.Nxd5 Rb8 39.Qf2 Qg7 40.Rf1 Kd7 41.Qe2 Nc6 42.Rf6 Qh7 43.Qg4+ Ke8 44.Qe6+ Ne7
45.Nc7+ Kd8 46.Qxd6+ Kc8 47.Rf8+ Kb7 48.Rxb8+  1-0

[Event "Open A"]
[Site "Pardubice CZE"]
[Date "2005.07.28"]
[Round "7"]
[White "Moroz,A"]
[Black "Najer,E"]
[Result "1/2-1/2"]
[WhiteElo "2487"]
[BlackElo "2614"]

1.e4 g6 2.d4 Bg7 3.Nc3 d6 4.Be3 a6 5.a4 b6 6.Qd2 Bb7 7.Bd3 Nd7 8.Nf3 e6 9.O-O h6
10.h3 Ne7 11.Rfe1 g5 12.d5 Ng6 13.Nd4 Qe7 14.Bc4 Bxd4 15.Bxd4 Rg8 16.Be3 Nde5
17.Be2 Qf6 18.Bd4 Nf4 19.Rad1 O-O-O 20.Qe3 g4 21.Bxe5 Qxe5 22.Bxg4 h5 23.Bf3 Nxh3+
24.Kf1 Nf4 25.g3 Ng6 26.Ke2 h4 27.gxh4 Nxh4 28.Kd2 Qf6 29.Bh1 Ng2 30.Bxg2 Rxg2
31.Re2 Rh8 32.Kc1 Rhh2 33.f4 Rxe2 34.Nxe2 Kb8 35.e5 dxe5 36.fxe5 Qh6 37.Qxh6 Rxh6
38.d6 cxd6 39.Rxd6 Rh5 40.Rxb6 Rxe5 41.Kd2 Rd5+ 42.Ke3 Re5+ 43.Kd2 Rd5+ 44.Ke3 Kc7
45.Rb4 e5 46.Rc4+ Kb6 47.Ng3 Rd1 48.Rb4+ Kc7 49.Rc4+ Kd7 50.b4 Re1+ 51.Kf2 Ra1
52.a5 Rb1 53.Nf5 Bd5 54.Rc5 Be6 55.Rxe5 Rxb4 56.Ke3  1/2-1/2

[Event "Open A"]
[Site "Pardubice CZE"]
[Date "2005.07.28"]
[Round "7"]
[White "Stross,F"]
[Black "Buchal,S"]
[Result "0-1"]
[WhiteElo "2272"]
[BlackElo "2367"]

1.e4 g6 2.d4 Bg7 3.Nc3 d6 4.Be3 a6 5.Qd2 Nd7 6.h4 h5 7.f3 b5 8.O-O-O Bb7
9.Nh3 Rc8 10.Kb1 c5 11.dxc5 Nxc5 12.Ng5 Qa5 13.Bd4 Nf6 14.Qf2 b4 15.Bc4 O-O
16.Nd5 Bxd5 17.Bxd5 e6 18.Bb3 Nxb3 19.axb3 Rc6 20.Rd2 Qc7 21.Qe2 e5 22.Be3 a5
23.Rhd1 Ra8 24.Qb5 Rc8 25.Rc1 a4 26.bxa4 Rb8 27.Qf1 Rc3 28.Rd3 d5 29.Bd2 d4
30.b3 Nd7 31.Qe1 Qa5 32.Kb2 Nc5 33.Qe2 Rc8 34.Nh3 Nxa4+ 35.bxa4 Qxa4  0-1

[Event "15th ETC Women"]
[Site "Gothenburg SWE"]
[Date "2005.08.02"]
[Round "4"]
[White "Kosintseva,N"]
[Black "Foisor,C"]
[Result "1-0"]
[WhiteElo "2490"]
[BlackElo "2402"]

1.e4 d6 2.d4 g6 3.Nc3 Bg7 4.Bg5 c6 5.Qd2 b5 6.f4 Nd7 7.Nf3 Nb6 8.Bd3 Bg4
9.Ne2 Bxf3 10.gxf3 Qd7 11.O-O-O Nc4 12.Bxc4 bxc4 13.f5 Rb8 14.h4 Qb7 15.c3 Nf6
16.Nf4 Nd7 17.fxg6 hxg6 18.h5 e5 19.h6 Bf8 20.Ng2 f6 21.Be3 g5 22.Qe2 Rxh6
23.Rxh6 Bxh6 24.Rd2 d5 25.exd5 cxd5 26.f4 gxf4 27.Bxf4 Bxf4 28.Nxf4 e4 29.Qh5+ Ke7
30.Nxd5+ Kd6 31.Ne3 Qb5 32.Qg6 Qc6 33.Qg3+ Ke7 34.Nf5+ Kd8 35.Rh2  1-0

[Event "Open"]
[Site "Nice FRA"]
[Date "2005.08.03"]
[Round "4"]
[White "Libiszewski,F"]
[Black "Tkachiev,V"]
[Result "1/2-1/2"]
[WhiteElo "2413"]
[BlackElo "2625"]

1.e4 d6 2.d4 g6 3.Nc3 Bg7 4.Be3 c6 5.Qd2 Nd7 6.Nf3 Qc7 7.Bd3 b5 8.O-O Ngf6
9.Ne2 O-O 10.a4 Bb7 11.Ng3 a6 12.Bh6 c5 13.c3 e6 14.Rfe1 Bc6 15.a5 Rfd8 16.b4 Bh8
17.Qg5 Bb7 18.Rac1 Rdc8 19.Qh4 cxd4 20.cxd4 Qd8 21.Bf4 Qf8 22.Bh6 Qe8 23.Qf4 Qe7
24.Bg5 e5 25.Qh4 Bg7 26.Bh6 Qf8 27.Bxg7 Qxg7 28.d5 h6 29.Nd2 Qf8 30.Ne2 Nh5
31.f3 Rxc1 32.Rxc1 Rc8  1/2-1/2

[Event "15th ETC Women"]
[Site "Gothenburg SWE"]
[Date "2005.08.05"]
[Round "7"]
[White "Agrest,S"]
[Black "Skripchenko,A"]
[Result "0-1"]
[WhiteElo "2270"]
[BlackElo "2437"]

1.e4 g6 2.d4 Bg7 3.Nc3 d6 4.Be3 c6 5.Qd2 Nf6 6.h3 b5 7.Bd3 O-O 8.Bh6 Nbd7
9.Bxg7 Kxg7 10.O-O-O Qa5 11.Kb1 e5 12.dxe5 dxe5 13.Nf3 Re8 14.Qe3 a6 15.g4 Qb6
16.Rhe1 Qxe3 17.Rxe3 Nc5 18.b4 Ncd7 19.Nd2 a5 20.a3 Nb6 21.Nb3 axb4 22.axb4 Be6
23.Nc5 Bc4 24.Kb2 h5 25.g5 Nh7 26.h4 f6 27.gxf6+ Nxf6 28.Rg3 Nh7 29.Rdg1 Nf8
30.Rg5 Kh6 31.R5g3 Re7 32.Rg5 Kh7 33.R1g2 Rae8 34.Kc1 Rf7 35.Kd2 Rf4 36.Rh2 Kh6
37.Rg3 Be6 38.Ne2 Rf6 39.Ke3 Re7 40.Nc3 Bf7 41.Rg1 Ra7 42.Rg5 Nbd7 43.Nxd7 Nxd7
44.Ne2 Ra4 45.c3 Ra3 46.Rh1 Rd6 47.Rc1 Ra2 48.f4 Rxd3+ 49.Kxd3 Bc4+ 50.Ke3 Rxe2+
51.Kf3 exf4 52.Rcg1 Nf8 53.Kxf4 Ne6+  0-1

[Event "Ave-Kontakt Cup IMB"]
[Site "Olomouc CZE"]
[Date "2005.08.05"]
[Round "3"]
[White "Camarena Gimenez,R"]
[Black "Pel,B"]
[Result "1-0"]
[WhiteElo "2374"]
[BlackElo "2310"]

1.e4 d6 2.d4 g6 3.Nc3 Bg7 4.f4 a6 5.Nf3 b5 6.Bd3 Bb7 7.e5 e6 8.Ne4 Nc6 9.c3 Qe7
10.O-O f5 11.exf6 Nxf6 12.Neg5 O-O 13.Re1 Nd8 14.a4 bxa4 15.Rxa4 Re8 16.Ra1 Qd7
17.Qe2 a5 18.b3 Bc6 19.Bd2 Qc8 20.Ra3 Bd7 21.Rea1 c5 22.Rxa5 Rxa5 23.Rxa5 Nc6
24.Ra2 cxd4 25.cxd4 Qb7 26.b4 Nd5 27.Qe4 Nf6 28.Qe1 Nd5 29.Qh4 h6 30.Ne4 Ncxb4
31.Rb2 Qb6 32.Bxb4 Nxb4 33.Nf6+ Kf7 34.Nxd7 Bxd4+ 35.Kh1 Qa7 36.Rxb4 Rc8
37.Rb1 Qa3 38.Bxg6+ Kxg6 39.Qg3+ Kh5 40.Qh3+  1-0

[Event "ch-IRI Semi-Final"]
[Site "Tehran IRI"]
[Date "2005.08.05"]
[Round "3"]
[White "Khaghani,M"]
[Black "Darban,M"]
[Result "0-1"]
[WhiteElo "2311"]
[BlackElo "2397"]

1.e4 d6 2.d4 g6 3.Nc3 Bg7 4.Bc4 a6 5.Qf3 e6 6.Nge2 b5 7.Bd3 Bb7 8.a4 b4 9.Nd1 Nd7
10.Bd2 e5 11.d5 a5 12.c3 bxc3 13.Nexc3 Ne7 14.O-O O-O 15.Qe2 c6 16.Ne3 Nc5
17.Bc4 Kh8 18.Rad1 f5 19.exf5 gxf5 20.f4 cxd5 21.Nexd5 Nxd5 22.Bxd5 Bxd5
23.Nxd5 Nxa4 24.fxe5 dxe5 25.Be3 Rb8 26.Nb6 Qh4 27.Bf2 Qb4 28.Nd7 Nxb2 29.Rb1 e4
30.Kh1 Rfd8 31.Nxb8 Rxb8 32.Bg3 Rf8 33.Qa6 Qd2 34.Bf4 Qd5 35.Bh6 Nc4 36.Bxg7+ Kxg7
37.Rb5 Qd3 38.Rb7+ Kh8 39.Rfb1 Nd6 40.R7b3 Qxa6  0-1

[Event "4th Open"]
[Site "Davos SUI"]
[Date "2005.08.06"]
[Round "8"]
[White "Arbinger,R"]
[Black "Tiller,B"]
[Result "1/2-1/2"]
[WhiteElo "2119"]
[BlackElo "2356"]

1.d4 d6 2.e4 g6 3.Nc3 Bg7 4.Bc4 a6 5.a4 b6 6.Nge2 e6 7.O-O Ne7 8.Be3 Nd7
9.Qd2 O-O 10.Bg5 Bb7 11.f3 c6 12.Qf4 d5 13.Bxe7 Qxe7 14.exd5 cxd5 15.Bb3 Rac8
16.Rfe1 Nb8 17.Nc1 Nc6 18.N3e2 e5 19.Qd2 exd4 20.Bxd5 Qc5 21.Bxc6 Qxc6 22.Nxd4 Bxd4+
23.Qxd4 Rfd8 24.Qf2 Qxc2 25.Ne2 Rd2 26.Qxb6 Rxe2 27.Rxe2 Qxe2 28.Qxb7 Qe3+
29.Kf1 Rc2 30.Qb8+ Kg7 31.Qg3 Qd3+ 32.Kg1 Qe3+ 33.Kf1 Rxb2 34.Re1 Qd3+ 35.Kg1 Re2
36.Rxe2 Qxe2 37.h4 Qd1+ 38.Kh2 Qxa4 39.Qe5+ Kf8 40.Qh8+ Ke7 41.Qe5+ Kd7 42.Qd5+ Kc8
43.Kg3 Qd7  1/2-1/2

[Event "15th ETC Women"]
[Site "Gothenburg SWE"]
[Date "2005.08.06"]
[Round "8"]
[White "Peptan,C"]
[Black "Klinova,M"]
[Result "1-0"]
[WhiteElo "2411"]
[BlackElo "2384"]

1.e4 d6 2.d4 g6 3.Nc3 Bg7 4.Be3 a6 5.Qd2 b5 6.h4 h6 7.Nge2 Bb7 8.f3 Nd7 9.d5 Ngf6
10.Nd4 Ne5 11.a4 b4 12.Na2 a5 13.Bb5+ Kf8 14.Nc1 Qc8 15.Ncb3 c5 16.dxc6 Nxc6
17.O-O-O Nd7 18.h5 Nxd4 19.Bxd4 g5 20.Bxg7+ Kxg7 21.Nd4 Nc5 22.Nf5+ Kh7 23.Kb1 Qc7
24.Qd4 f6 25.Qc4 Rhf8 26.b3 Bc8 27.Qe2 Be6 28.Nd4 Rac8 29.Rd2 Bf7 30.Nf5 Qa7
31.Ne3 Ne6 32.Nf5 Rc3 33.g3 Rfc8 34.Bc4 Nd8 35.Bd3 R3c5 36.Qf2 R5c7 37.Qxa7 Rxa7
38.e5  1-0

[Event "15th ETC Women"]
[Site "Gothenburg SWE"]
[Date "2005.08.06"]
[Round "8"]
[White "Bojkovic,N"]
[Black "Bosboom Lanchava,T"]
[Result "1/2-1/2"]
[WhiteElo "2386"]
[BlackElo "2363"]

1.e4 d6 2.d4 g6 3.Nc3 Bg7 4.Be3 c6 5.Nf3 Nd7 6.h3 Qc7 7.a4 Ngf6 8.Be2 O-O
9.a5 Rb8 10.O-O b5 11.axb6 axb6 12.d5 Nc5 13.Nd4 Ncxe4 14.Nxe4 Nxe4 15.Nxc6 Bxb2
16.Bf3 Nc3 17.Qd2 Bb7 18.Nxb8 Bxa1 19.Nc6 Ra8 20.Bd4 Nxd5 21.Nxe7+ Nxe7 22.Bxb7 Qxb7
23.Bxa1 Qd5 24.Qb4 b5 25.Re1 f6 26.Qc3 Qf7 27.Qc7 Nf5 28.Qc6 Rb8 29.Kh1 h5
30.h4 Qc4 31.Qd7 Qxh4+ 32.Kg1 Rf8 33.Qxb5 Qg4 34.Qd5+ Kg7 35.Re4 Qg5 36.Bc3 Qc1+
37.Re1 Qxc2 38.Bb4 Qc7 39.Re6 Qc1+ 40.Re1 Qf4 41.Re4 Qc1+ 42.Re1 Qb2 43.Qc4 Rf7
44.Bc3 Qb6 45.Re6 Qb7 46.Re1 d5 47.Qf4 Rc7 48.Ba5 Rd7 49.Re8 d4 50.Bd2 Qd5
51.Qb8 Nh4 52.f3 Qf7 53.Rh8 g5 54.Qc8 Rc7 55.Qd8 Nf5 56.Rxh5 Qxh5 57.Qxc7+ Qf7
58.Qc2 Qd7 59.Qd3 Ne7 60.Kf2 Nc6 61.Qe4 f5 62.Qc2 Kf6 63.Qc5 Ne5 64.Bxg5+ Ke6
65.Qb6+ Kd5 66.Bf6 Nd3+ 67.Kf1 Qa4 68.Qd8+ Kc5 69.Qc7+ Kb4 70.Kg1 Qd1+ 71.Kh2 Nf2
72.Qd6+ Kc4 73.Qe6+ Kb4 74.Qb6+ Kc4 75.Qe6+ Kb4  1/2-1/2

[Event "Ave-Kontakt Cup IMB"]
[Site "Olomouc CZE"]
[Date "2005.08.06"]
[Round "5"]
[White "Kraemer,Mar"]
[Black "Pel,B"]
[Result "1-0"]
[WhiteElo "2377"]
[BlackElo "2310"]

1.e4 d6 2.d4 g6 3.Nc3 Bg7 4.f4 a6 5.Nf3 b5 6.Bd3 Bb7 7.Qe2 b4 8.Nd1 e6 9.Bd2 a5
10.a3 c5 11.dxc5 dxc5 12.e5 Ne7 13.Ne3 O-O 14.O-O Nf5 15.Nxf5 gxf5 16.h3 Qb6
17.Be3 Nd7 18.Rad1 Rad8 19.axb4 axb4 20.Qf2 f6 21.exf6 Bxf6 22.b3 Kh8 23.Bc4 Rg8
24.Ng5 Rg7 25.Rd2 Bc3 26.Rd3 h6 27.Qh4 Rg6 28.Rf2 Kg7 29.Nxe6+ Rxe6 30.Bxe6 Bf6
31.Qg3+ Kh8 32.Bxd7 Rg8 33.Qh2 Bh4 34.g4 Be4 35.Rd1 Qf6 36.Bxc5 fxg4 37.hxg4 Bxf2+
38.Kxf2 Kh7 39.Rd6 Qf8 40.Bf5+ Bxf5 41.gxf5 Qg7 42.Rg6  1-0

[Event "Summer"]
[Site "Borovo CRO"]
[Date "2005.08.07"]
[Round "2"]
[White "Majeric,Z"]
[Black "Tseshkovsky,V"]
[Result "0-1"]
[WhiteElo "2359"]
[BlackElo "2599"]

1.e4 g6 2.d4 Bg7 3.Nc3 d6 4.h3 Nf6 5.Be3 O-O 6.f4 c5 7.dxc5 Qa5 8.Bd3 dxc5
9.Nf3 c4 10.Bxc4 Nxe4 11.O-O Nxc3 12.bxc3 Qxc3 13.Qe2 Nc6 14.Rad1 Bf5 15.Bb3 Na5
16.Nd4 Bd7 17.Rf3 Nxb3 18.cxb3 Qa5 19.Bf2 e5 20.fxe5 Qxe5 21.Re3 Qa5 22.b4 Qxb4
23.Rb3 Qa4 24.Rxb7 Rae8 25.Qd2 Bc8 26.Rb4 Qd7 27.Nb5 Qxd2 28.Rxd2 a6 29.Nd4 Rd8
30.Rb1 Bd7 31.Rbd1 Ba4 32.Nb3 Bf6 33.Rd6 Be7 34.R6d4 Bf6 35.Rd6 Be7 36.R6d4 f6
37.Re1 Rxd4 38.Bxd4 Kf7 39.Rxe7+ Kxe7 40.Bc5+ Kf7 41.Bxf8 Kxf8 42.Nc5 Bb5
43.Kf2 Ke7 44.Ke3 Kd6 45.Kd4 Bf1 46.g3 g5 47.a3 h6 48.Ne4+ Ke6 49.Nc5+ Kf5
50.Ke3 Ke5 51.h4 f5 52.hxg5 hxg5 53.Kf2 Kd5 54.Nb3 Bc4 55.Nd2 Kd4 56.Nf3+ Kc3
57.Nxg5 Kb3 58.Ke3 Kxa3 59.Nf3 a5 60.Kd4 Bf1 61.Nh4 Kb2 62.Nxf5 a4  0-1

[Event "92nd ch-GBR"]
[Site "Douglas IOM"]
[Date "2005.08.09"]
[Round "8"]
[White "Greet,A"]
[Black "Conquest,S"]
[Result "0-1"]
[WhiteElo "2425"]
[BlackElo "2503"]

1.d4 g6 2.e4 Bg7 3.Nc3 d6 4.Be3 a6 5.Nf3 Nd7 6.Bc4 e6 7.a4 b6 8.O-O Ne7 9.Qd2 h6
10.h3 Bb7 11.Rfe1 Nf6 12.Bf4 g5 13.Bh2 g4 14.hxg4 Nxg4 15.Bg3 Ng6 16.Nh2 h5
17.Rad1 Kf8 18.Qe2 Qg5 19.Nf3 Qe7 20.Nh2 Nf6 21.Nf1 h4 22.Bh2 Bh6 23.Qf3 Nh7
24.Qh5 Nf6 25.Qf3 Kg7 26.Qh3 Rag8 27.d5 e5 28.Ne3 Bxe3 29.fxe3 Bc8 30.Qf3 Bg4
31.Qf1 Bxd1 32.Nxd1 a5 33.Nf2 Kf8 34.Be2 Rg7 35.Bf3 Qd7 36.b3 h3 37.g3 Nh4
38.Qe2 Nxf3+ 39.Qxf3 Rh6 40.c4 Ke7 41.Kf1 Ng4 42.Nxg4 Rxg4 43.Ke2 Rf6 44.Qh1 Rgg6
45.Rf1 Qg4+ 46.Kd3 Rxf1 47.Qxf1 Rf6 48.Qe2 Rf3 49.Qe1 f5  0-1

[Event "Stork YM"]
[Site "Hengelo NED"]
[Date "2005.08.09"]
[Round "4"]
[White "Zhigalko,S"]
[Black "Barnaure,V"]
[Result "1/2-1/2"]
[WhiteElo "2485"]
[BlackElo "2445"]

1.e4 g6 2.d4 Bg7 3.Nc3 d6 4.Nf3 a6 5.a4 Nf6 6.h3 O-O 7.Be3 e6 8.Qd2 Nc6 9.Be2 Re8
10.a5 e5 11.d5 Nd4 12.Bd1 c5 13.O-O b5 14.axb6 Qxb6 15.b3 Bd7 16.Re1 Rec8
17.Qd3 Bb5 18.Nxb5 Qxb5 19.c4 Qb6 20.Bd2 a5 21.Ra3 Nd7 22.Qc3 Rcb8 23.Qa1 Ra6
24.Qa2 Rba8  1/2-1/2

[Event "Stork YM"]
[Site "Hengelo NED"]
[Date "2005.08.10"]
[Round "5"]
[White "Zhigalko,A"]
[Black "Nyback,T"]
[Result "1/2-1/2"]
[WhiteElo "2526"]
[BlackElo "2571"]

1.e4 g6 2.d4 Bg7 3.Nc3 d6 4.Be3 a6 5.Qd2 Nd7 6.h4 h5 7.Nh3 b5 8.Ng5 Bb7 9.a4 c6
10.Bd3 Ngf6 11.f4 e5 12.dxe5 dxe5 13.O-O O-O 14.f5 Ng4 15.Be2 Nxe3 16.Qxe3 Qe7
17.Rad1 Nf6 18.Nb1 Rad8 19.fxg6 fxg6 20.Rxd8 Rxd8 21.Qb3+ Kh8 22.Nf7+ Kh7
23.Ng5+ Kh8 24.Qf7 Re8 25.Qxg6 Rf8 26.Nc3 Bc8 27.Bxh5 Bd7 28.Nf7+ Kg8 29.Nh6+ Kh8
30.Nf5 Bxf5 31.Rxf5 Qc5+ 32.Kh2 Qe3 33.Bf3 Qe1 34.Qg3 Qd2 35.axb5 axb5 36.Rg5 Rf7
37.Nd1 Bh6 38.Qxe5 Bxg5 39.Qxg5 Qxc2 40.Qg6 Rf8 41.h5 Qd2 42.h6 Qd6+ 43.Qg3 Ng8
44.e5 c5 45.Bc6 Nxh6 46.Bxb5 Nf5 47.Bc4 Nd4 48.b3 Rb8 49.Ne3 Rd8 50.e6 Nxe6  1/2-1/2

[Event "15th ch-SLO"]
[Site "Ptuj SLO"]
[Date "2005.08.12"]
[Round "1"]
[White "Skok,J"]
[Black "Tratar,M"]
[Result "0-1"]
[WhiteElo "2101"]
[BlackElo "2419"]

1.e4 g6 2.d4 d6 3.Nc3 Bg7 4.Bc4 e6 5.Nf3 Ne7 6.Bg5 h6 7.Bh4 g5 8.Bg3 f5 9.exf5 Nxf5
10.h3 Nxg3 11.fxg3 O-O 12.Qe2 d5 13.Bd3 Nc6 14.O-O-O a6 15.h4 Bd7 16.Kb1 g4
17.Ne5 Nxe5 18.dxe5 h5 19.Nxd5 exd5 20.Bg6 Be8 21.Be4 c6 22.c4 Qe7 23.cxd5 Qxe5  0-1

[Event "TCh-ESP Premier North"]
[Site "Barcelona ESP"]
[Date "2005.08.13"]
[Round "4"]
[White "Pena Gomez,M"]
[Black "Gonzalez Diaz,J"]
[Result "1-0"]
[WhiteElo "2297"]
[BlackElo "2237"]

1.e4 d6 2.d4 g6 3.Nc3 Bg7 4.Be3 c6 5.a4 Nd7 6.Nf3 e5 7.Bc4 Ngf6 8.dxe5 dxe5
9.h3 Qe7 10.Qe2 a5 11.O-O O-O 12.Rad1 Nc5 13.Bc1 Nfd7 14.Bg5 Bf6 15.Bxf6 Nxf6
16.Qe3 Kg7 17.Rfe1 Nfd7 18.b3 b6 19.Nb1 Rb8 20.Bf1 Ba6 21.Bxa6 Nxa6 22.Qc3 Nac5
23.Nbd2 f6 24.Nc4 Rfd8 25.Nh4 Nf8 26.Rxd8 Qxd8 27.Nxa5 Nxe4 28.Rxe4 bxa5
29.Nf3 Qd5 30.Rc4 Ne6 31.Rxc6 Rd8 32.Ra6 e4 33.Ra7+ Kh6 34.Nh2 Qd1+ 35.Nf1 Nf4
36.Qe3 g5 37.Qxe4 f5 38.Ra6+ Kg7 39.Qe7+ Kh8 40.Qf6+ Kg8 41.Qxg5+ Ng6 42.Qxf5 Rf8
43.Qd3 Qe1 44.Qe3 Qb4 45.Ra7 Qd6 46.Qc3 Rf7 47.Ra8+ Rf8 48.Rxf8+ Kxf8 49.Qxa5 Nf4
50.Qf5+ Kg8 51.Qg4+ Kf7 52.Ne3 Qd4 53.Qf5+ Ke8 54.Qc8+ Kf7 55.Qc4+  1-0

[Event "TCh-ESP Premier North"]
[Site "Barcelona ESP"]
[Date "2005.08.13"]
[Round "4"]
[White "Larino Nieto,D"]
[Black "Strikovic,A"]
[Result "1/2-1/2"]
[WhiteElo "2350"]
[BlackElo "2498"]

1.e4 g6 2.d4 d6 3.Nc3 Bg7 4.Be3 c6 5.Qd2 b5 6.Bd3 Nd7 7.f4 Ngf6 8.h3 Bb7
9.e5 b4 10.Ne4 Nd5 11.exd6 O-O 12.Ne2 Nxe3 13.Qxe3 Re8 14.Qf2 Rc8 15.f5 c5
16.fxg6 hxg6 17.O-O f5 18.Bc4+ e6 19.Nxc5 Bd5 20.Bb5 Bc6 21.Ba6 Rb8 22.Nxe6 Rxe6
23.Bc4 Nf8 24.d5 Rxd6 25.dxc6+ Kh7 26.Qxa7 Rxc6 27.Qf7 Nd7 28.Bb3 Ne5 29.Qa7 Nc4
30.Rad1 Qb6+ 31.Qxb6 Rbxb6 32.Rf4 Rd6 33.Re1 Na5 34.Rh4+ Bh6 35.Nd4 Nxb3
36.Nxb3 Kg7 37.Rc4 Bg5 38.Nc5 Rdc6 39.b3 Bf6 40.Rd1 Kh6 41.Rd7 Bc3 42.Kf1 Rb8
43.g3 Bf6 44.Nd3 Rxc4 45.bxc4 Ra8 46.Nxb4 Ra4 47.a3 Rxa3 48.Rd3 Ra4 49.Nd5 Be5
50.Nb6 Ra2 51.Nd7 Bc7 52.c3 Rc2 53.c5 Ba5 54.Ke1 Kg7 55.Kd1 Rxc3 56.Rxc3 Bxc3
57.c6 Ba5 58.Ke2 Kf7 59.Nc5 Ke7 60.Kf3 Bb6 61.Na6 Kd6 62.c7 Kd7 63.Kf4 Bf2
64.h4 Kc8 65.Nb4 Kxc7 66.Nd3 Bg1 67.Ne5 Kd6 68.Nxg6 Ke6 69.h5 Bd4 70.Kg5 Bf6+
71.Kh6 Kf7 72.Kh7 Bb2 73.Nh4 Kf6 74.Nf3 Kf7 75.Kh6 Bc1+ 76.Kh7 Bb2 77.Ng1 Be5
78.Ne2 Kf6 79.Nf4 Kf7 80.h6 Bd6 81.Nh5 Be5 82.Nf4 Bd6 83.Nh5  1/2-1/2

[Event "ch-AUT Qualifier"]
[Site "Gmunden AUT"]
[Date "2005.08.13"]
[Round "1"]
[White "Sandhu,M"]
[Black "Natter,M"]
[Result "1-0"]
[WhiteElo "2291"]
[BlackElo "2147"]

1.e4 g6 2.d4 Bg7 3.Nc3 d6 4.Be3 a6 5.Qd2 Nd7 6.Nf3 h6 7.h3 e6 8.Bd3 Ne7 9.Ne2 b6
10.O-O Bb7 11.c3 Nf6 12.Ng3 Qb8 13.a4 h5 14.e5 Nd7 15.exd6 cxd6 16.Qe2 O-O
17.Rad1 Bc6 18.Bg5 Nf6 19.Nd2 Ra7 20.Bc2 Nh7 21.Bxe7 Rxe7 22.Qxa6 Ra7 23.Qd3 Nf6
24.b3 Qa8 25.f3 d5 26.Rfe1 Qb8 27.Ngf1 Rc8 28.Ne3 Bh6 29.c4 Bb7 30.b4 dxc4
31.Ndxc4 Bxf3 32.gxf3 Qg3+ 33.Ng2 Bf4 34.Ne3 Rac7 35.Nf1 Qg5 36.h4 Qh6 37.Bb1 Rc3
38.Qe2 Nd5 39.Be4 Nxb4 40.Rb1 Nc2 41.Bxc2 Rxc2 42.Qe4 g5 43.Nfe3 f5 44.Qb7 Bxe3+
45.Nxe3 R2c7 46.Qxb6 gxh4 47.Kh1 Kh8 48.Qd6 Kh7 49.d5 Qg5 50.Qxe6 Qg3 51.Qxf5+ Kh8
52.Rg1 Qd6 53.Rb6 Qxb6 54.Qxh5+ Rh7 55.Qe5+  1-0

[Event "14th Open"]
[Site "Kavala GRE"]
[Date "2005.08.13"]
[Round "3"]
[White "Trabert,B"]
[Black "Dzhumaev,M"]
[Result "0-1"]
[WhiteElo "2291"]
[BlackElo "2531"]

1.e4 g6 2.d4 Bg7 3.Nc3 d6 4.h3 Nf6 5.g3 c5 6.dxc5 Qa5 7.Bd2 Qxc5 8.Bg2 O-O
9.Nge2 Nc6 10.O-O Ne5 11.Be3 Qa5 12.Qc1 Nc4 13.Bd4 e5 14.Be3 Nxe3 15.Qxe3 Be6
16.Rfd1 Rfd8 17.a3 b5 18.g4 h6 19.Ng3 Rac8 20.Rab1 Rc6 21.Rd2 Rdc8 22.Nge2 Nd7
23.Nc1 Rxc3 24.bxc3 Qxa3 25.Nb3 Nb6 26.Rdd1 Nc4 27.Qe2 Qa6 28.Ra1 Qb6 29.Nd2 Na5
30.Qd3 Nb7 31.Rdb1 a6 32.Nb3 Rc6 33.Nc1 Qc7 34.Ra3 Bf6 35.Ne2 Nc5 36.Qf3 Bg5
37.Qg3 Bc4 38.Nc1 Na4 39.Nd3 Bxd3 40.Qxd3 Nxc3 41.Rba1 Na4 42.R3a2 Kg7 43.Bf1 Rc3
44.Qd1 Rc5 45.Qd3 Qc6 46.Bg2 Bh4 47.Rf1 Qb6 48.Kh1 Bg5 49.Kg1 Rc4 50.Kh1 Rd4
51.Qa3 Nc5 52.c3 Rd3 53.Qb4 Bf4 54.Rb1 Qd8 55.Bf1 Qh4 56.Bg2 Rxh3+ 57.Kg1 Qxg4
58.Kf1 Rh2 59.f3 Qg3 60.Qb2 Be3 61.Qc2 Rh1+ 62.Bxh1 Qg1+ 63.Ke2 Qf2+  0-1

[Event "14th Open"]
[Site "Kavala GRE"]
[Date "2005.08.13"]
[Round "3"]
[White "Kotronias,V"]
[Black "Angelis,M"]
[Result "1-0"]
[WhiteElo "2587"]
[BlackElo "2283"]

1.e4 g6 2.d4 Bg7 3.Nc3 d6 4.f4 Nd7 5.Nf3 c6 6.Be3 Ngf6 7.e5 Nd5 8.Nxd5 cxd5
9.Bd3 Qb6 10.Qe2 Nb8 11.O-O Nc6 12.exd6 O-O 13.c3 e6 14.h4 Nb8 15.h5 Nd7
16.hxg6 fxg6 17.Qf2 Nf6 18.Ne5 Qxd6 19.Qh4 Bd7 20.Rf3 Be8 21.Rh3 Qb6 22.Re1 Rc8
23.Bc1 a5 24.g4 a4 25.a3 Rc7 26.f5 exf5 27.gxf5 Nh5 28.Qg5 Bxe5 29.Rxe5 Rg7
30.f6 Nxf6 31.Qg2 Bd7 32.Rg3 Re8 33.Bf4 Ne4 34.Bxe4 dxe4 35.Rxe8+ Bxe8 36.Qxe4 Bd7
37.Bh6 Rf7 38.Qe5 Qe6 39.Qxe6 Bxe6 40.Re3 Rf6 41.Re5 Bd7 42.Rd5 Be8 43.Rc5 Rc6
44.Re5 Bf7 45.Rb5 Rc7 46.d5 Be8 47.Rb6 Rd7 48.c4 Rc7 49.Rf6 Rf7 50.Re6 Bd7
51.Rd6 g5 52.Bxg5 Rg7 53.Kf2 h5 54.Bf6 Rh7 55.Kg3 Kf8 56.Kh4 Ke8 57.c5 Bb5
58.Rd8+ Kf7 59.Bg5 Kg6 60.Rd6+ Kf5 61.Rb6 Bc4 62.d6 Bd5 63.Rb4 Bc6 64.Rf4+ Ke5
65.Rf8 Kd4 66.Be7 Kd5 67.Rc8 Ke6 68.Rg8 Rf7 69.Rg6+ Kd7 70.Rh6 Rf5 71.Bg5 Rxc5
72.Rh7+ Kxd6 73.Be7+  1-0

[Event "15th ch-SLO"]
[Site "Ptuj SLO"]
[Date "2005.08.13"]
[Round "2"]
[White "Borisek,J"]
[Black "Skoberne,J"]
[Result "1/2-1/2"]
[WhiteElo "2509"]
[BlackElo "2312"]

1.e4 g6 2.d4 Bg7 3.Nc3 d6 4.Be3 c6 5.Qd2 b5 6.f3 Nd7 7.g4 Nb6 8.b3 h5 9.g5 e6
10.f4 Ne7 11.Nf3 a5 12.Bd3 O-O 13.O-O d5 14.Ne5 b4 15.Ne2 dxe4 16.Bxe4 Ba6
17.Rfd1 Bxe2 18.Qxe2 Nbd5 19.Bd2 Qb6 20.Qf2 Rac8 21.a3 Rfd8 22.axb4 axb4
23.Ra4 Ra8 24.Rda1 Rxa4 25.Rxa4 Bxe5 26.fxe5 Rd7 27.Ra8+ Rd8 28.Rxd8+ Qxd8
29.Qe2 Qa5 30.Qc4 Qa1+ 31.Kf2 Qd1 32.Qe2 Qa1 33.Qc4 Qd1 34.Qe2  1/2-1/2

[Event "ch-AUT Qualifier"]
[Site "Gmunden AUT"]
[Date "2005.08.14"]
[Round "2"]
[White "Steiner,Pete"]
[Black "Mahdi,K"]
[Result "1/2-1/2"]
[WhiteElo "2010"]
[BlackElo "2372"]

1.e4 g6 2.d4 Bg7 3.Nc3 d6 4.Bg5 c5 5.dxc5 Qa5 6.Bb5+ Bd7 7.Bxd7+ Nxd7 8.Ne2 Qxc5
9.Qd5 Qxd5 10.Nxd5 Rc8 11.O-O-O Ngf6 12.f3 Nxd5 13.Rxd5 a6 14.Kb1 Nb6 15.Rd3 Nc4
16.c3 b5 17.Nd4 Rc7 18.Nc2 Rb7 19.Be3 O-O 20.Bd4 Rc8 21.Bxg7 Kxg7 22.Rc1 Ne5
23.Rd5 Nc4 24.Rd3 Rc5 25.Ne3 Nxe3 26.Rxe3  1/2-1/2

[Event "ch-AUT Qualifier"]
[Site "Gmunden AUT"]
[Date "2005.08.15"]
[Round "3"]
[White "Sandhoefner,F"]
[Black "Natter,M"]
[Result "1-0"]
[WhiteElo "2322"]
[BlackElo "2147"]

1.e4 g6 2.d4 Bg7 3.Nc3 d6 4.Be3 a6 5.Qd2 Nd7 6.f3 b5 7.g4 Bb7 8.O-O-O Rc8
9.Nge2 c5 10.Ng3 Qa5 11.Kb1 b4 12.Nce2 Nb6 13.Nc1 c4 14.c3 bxc3 15.Qxc3 Qxc3
16.bxc3 e6 17.Bg2 Ne7 18.Nce2 Na4 19.Kc2 Bc6 20.Rb1 Bb5 21.Nf1 O-O 22.Nd2 e5
23.d5 Nc5 24.Nc1 Nd3 25.Nxd3 cxd3+ 26.Kb3 Rc7 27.c4 Bd7 28.Kc3 f5 29.gxf5 gxf5
30.Kxd3 fxe4+ 31.fxe4 Ng6 32.Rb6 Nh4 33.Bf1 Rfc8  1-0

[Event "14th Open"]
[Site "Kavala GRE"]
[Date "2005.08.15"]
[Round "5"]
[White "Mastrovasilis,D"]
[Black "Dzhumaev,M"]
[Result "1/2-1/2"]
[WhiteElo "2563"]
[BlackElo "2531"]

1.e4 g6 2.d4 Bg7 3.Nc3 d6 4.f4 Nc6 5.Be3 Nf6 6.Nf3 O-O 7.Qd2 Ng4 8.O-O-O e5
9.fxe5 Nxe3 10.Qxe3 Bg4 11.exd6 cxd6 12.Bc4 Rc8 13.Bb3 Na5 14.h3 Be6 15.Kb1 Nc4
16.Qd3 Qa5 17.Ne2 d5 18.Ng3 dxe4 19.Nxe4 b5 20.Rhf1 Rfd8 21.g4 Qb6 22.c3 b4
23.Nc5 bxc3 24.Qxc3 Qb5 25.Ba4 Qxb2+ 26.Qxb2 Nxb2 27.Kxb2 Rxc5 28.Bb3 Rb5
29.Rfe1 a5 30.Rxe6 fxe6 31.Kc2 Rd6 32.Re1 Bxd4 33.Rxe6 Rxb3 34.Rxd6 Rc3+
35.Kd2 Rxf3 36.Rxd4 Rxh3 37.Ra4 Rh4 38.Ke3 Kg7 39.Rc4 Kf6 40.Kf3 Rh3+ 41.Kf4 Rd3
42.Rc6+ Ke7 43.Ra6 Rd5 44.Ra7+ Kf6 45.g5+ Ke6 46.Ra6+ Ke7 47.Ra7+ Kd6 48.Ra6+ Ke7
49.Ke4  1/2-1/2